Statistics for Bundesliga Champions since 1963

Click here to take the quiz!

General Stats

  • This quiz has been taken 985 times
  • The average score is 45 of 49

Answer Stats

YearAnswer% Correct
2001/02Borussia Dortmund
100%
2011/12Borussia Dortmund
100%
2010/11Borussia Dortmund
100%
1994/95Borussia Dortmund
100%
1995/96Borussia Dortmund
100%
1999/2000FC Bayern München
100%
1989/90FC Bayern München
100%
1993/94FC Bayern München
100%
1996/97FC Bayern München
100%
1998/99FC Bayern München
100%
2012/13FC Bayern München
100%
2000/01FC Bayern München
100%
1985/86FC Bayern München
100%
2002/03FC Bayern München
100%
2004/05FC Bayern München
100%
2005/06FC Bayern München
100%
2007/08FC Bayern München
100%
2009/10FC Bayern München
100%
1986/87FC Bayern München
100%
1988/89FC Bayern München
100%
1984/85FC Bayern München
100%
1971/72FC Bayern München
100%
1973/74FC Bayern München
100%
1968/69FC Bayern München
100%
1979/80FC Bayern München
100%
1972/73FC Bayern München
100%
1980/81FC Bayern München
100%
1978/79Hamburger SV
90%
1982/83Hamburger SV
90%
1981/82Hamburger SV
90%
1992/93SV Werder Bremen
90%
1964/65SV Werder Bremen
90%
1987/88SV Werder Bremen
90%
2003/04SV Werder Bremen
90%
2008/09VfL Wolfsburg
90%
1991/92VfB Stuttgart
88%
2006/07VfB Stuttgart
88%
1970/71Borussia Mönchengladbach
84%
1975/76Borussia Mönchengladbach
84%
1974/75Borussia Mönchengladbach
84%
1969/70Borussia Mönchengladbach
83%
1976/77Borussia Mönchengladbach
83%
1963/641.FC Köln
82%
1977/781.FC Köln
77%
1997/981.FC Kaiserslautern
74%
1990/911.FC Kaiserslautern
74%
1967/681.FC Nürnberg
65%
1965/66TSV 1860 München
53%
1966/67Eintracht Braunschweig
44%

Score Distribution

Percentile by Number Answered

Percent of People with Each Score

Your Score History

You have not taken this quiz